LEADER 00769nam0-22003011i-450- 001 990003314550403321 005 20090316114833.0 035 $a000331455 035 $aFED01000331455 035 $a(Aleph)000331455FED01 035 $a000331455 100 $a20030910d1964----km-y0itay50------ba 101 0 $ager 102 $aDE 105 $ay-------001yy 200 1 $a<>Mohrin$fTankred, Dorst 210 $aBerlin$cKiepenheuer & Witsch$d1964 215 $a104 p.$d16 cm 225 1 $aCollection Theater$v17 676 $a740 700 1$aDorst,$bTankred$0131602 801 0$aIT$bUNINA$gRICA$2UNIMARC 901 $aBK 912 $a990003314550403321 952 $a740 DOR$bLINGUE 511$fDECLI 959 $aDECLI 996 $aMohrin$9447337 997 $aUNINA LEADER 01360nam2-2200373---450- 001 990001334910203316 005 20051212154116.0 035 $a000133491 035 $aUSA01000133491 035 $a(ALEPH)000133491USA01 035 $a000133491 100 $a20040107d1956----km-y0itay0103----ba 101 0 $aita 102 $aIT 105 $aa|||||||001yy 200 1 $a<<3. 1.>> : Sguardo generale al continente nuovo, il Canada e l'Alasca, gli Stati Uniti, il Messico, l'America centrale e le Antille, l'America meridionale, tropicale$fRoberto Almagią 210 $aTorino$cUTET$d1956 215 $aVII, 666 p.$cill.$d26 cm 410 0$12001 454 1$12001 461 1$1001000118440$12001$a<> mondo attuale 700 1$aALMAGIĄ,$bRoberto$04190 801 0$aIT$bsalbc$gISBD 912 $a990001334910203316 951 $aIII.1. 3304/3.1(910 ALM)$b5947 L.M.$c910 959 $aBK 969 $aUMA 979 $aSIAV5$b10$c20040107$lUSA01$h1415 979 $aSIAV5$b10$c20040107$lUSA01$h1417 979 $aPATRY$b90$c20040406$lUSA01$h1734 979 $aCOPAT2$b90$c20051212$lUSA01$h1541 979 $aANNAMARIA$b90$c20120726$lUSA01$h0838 996 $aSguardo generale al continente nuovo, il Canada e l'Alasca, gli Stati Uniti, il Messico, l'America centrale e le Antille, l'America meridionale, tropicale$9927778 997 $aUNISA LEADER 01764oam 2200493M 450 001 9910715794103321 005 20191123062008.5 035 $a(CKB)5470000002514129 035 $a(OCoLC)1065572982 035 $a(OCoLC)995470000002514129 035 $a(EXLCZ)995470000002514129 100 $a20070221d1851 ua 0 101 0 $aeng 135 $aurcn||||||||| 181 $ctxt$2rdacontent 182 $cc$2rdamedia 183 $acr$2rdacarrier 200 10$aCaptain J.L. Fremont. February 18, 1851. Laid upon the table, and ordered to be printed 210 1$a[Washington, D.C.] :$c[publisher not identified],$d1851. 215 $a1 online resource (1 pages) 225 1 $aHouse report / 31st Congress, 2nd session. House ;$vno. 31 225 1 $a[United States congressional serial set] ;$v[serial no. 606] 300 $aBatch processed record: Metadata reviewed, not verified. Some fields updated by batch processes. 300 $aFDLP item number not assigned. 606 $aClaims 606 $aMilitary appointments 606 $aArmies$xStaffs 606 $aArmed Forces$xOfficers 607 $aUnited States$xArmed Forces$xOfficers 607 $aUnited States$xArmed Forces$xNon-commissioned officers 608 $aLegislative materials.$2lcgft 615 0$aClaims. 615 0$aMilitary appointments. 615 0$aArmies$xStaffs. 615 0$aArmed Forces$xOfficers. 701 $aMatteson$b Orsamus B$g(Orsamus Benajah),$f1805-1889$pWhig (NY)$01390593 801 0$bWYU 801 1$bWYU 801 2$bOCLCO 801 2$bOCLCQ 906 $aBOOK 912 $a9910715794103321 996 $aCaptain J.L. Fremont. February 18, 1851. Laid upon the table, and ordered to be printed$93466697 997 $aUNINA